Mythical National Animals - Statistics

General Stats
  • This quiz has been taken 40 times
    30 since last reset
  • The average score is 7 of 11
Answer Stats
Hint Answer % Correct
China Dragon
100%
Vietnam Dragon
100%
Bhutan Druk
100%
Wales Welsh Dragon
100%
Scotland Unicorn
96%
North Korea Chollima
50%
Singapore Merlion
46%
Greece Phoenix
46%
Czech Republic Double Tailed Lion
36%
Indonesia Garuda
25%
Hungary Turul
14%
No matching quizzes found
Score Distribution
Percent of People with Each Score
Percentile by Number Answered
Your Score History
You have not taken this quiz since the last reset